Państwa Ameryki Północnej i Środkowej - Statystyki

Ogólne statystyki
  • Ten quiz został rozwiązany 391 razy
    261 od ostatniego zresetowania
  • Średni wynik to 16 z 23
Odpowiedzi na mapie
Odpowiedzi zakodowano w zielono-czerwonej skali na mapie do tego quizu, zgodnie z poniższymi procentami.
 
Statystyki odpowiedzi
Kraje % Poprawnych
Kanada
100%
Stany Zjednoczone
100%
Meksyk
98%
Kuba
95%
Dominika
86%
Panama
86%
Jamajka
84%
Haiti
81%
Dominikana
79%
Kostaryka
74%
Salwador
74%
Gwatemala
73%
Honduras
73%
Nikaragua
72%
Belize
67%
Bahamy
64%
Barbados
46%
Grenada
46%
Trynidad i Tobago
45%
Antigua i Barbuda
42%
Saint Lucia
41%
Saint Kitts i Nevis
39%
Saint Vincent i Grenadyny
39%
Nie znaleziono quizów pasujących do podanych kryteriów
Rozkład punktacji
Procent ludzi z każdym wynikiem
Percentyl według liczby udzielonych odpowiedzi
Twoja historia wyników
Nie rozwiązałeś tego quizu od ostatniego zresetowania